Robert Adam's London /

The iconic eighteenth-century architect Robert Adam was based in London for more than half of his life and made more designs for this one city than anywhere else in the world. This work review a wide variety of his designs for London, highlighting lesser-known buildings as well as familiar ones.

محفوظ في:

المؤلف الرئيسي: Sands, Frances (مؤلف)

التنسيق: كتاب الكتروني

اللغة: English

منشور في: Oxford : Archaeopress, [2016]

الموضوعات:

الوصول للمادة أونلاين: Login to view Source

الوسوم: إضافة وسم

لا توجد وسوم, كن أول من يضع وسما على هذه التسجيلة!

رقم الطلب: NA997

LEADER 01684nam a2200385 i 4500
001 EDZ0001585186
003 StDuBDS
005 20230412181839.0
006 m|||||o||d||||||||
007 cr |||||||||||
008 161114s2016 enka f 000|0|eng|d
020 |a 9781784914639 (ebook) :  |c No price 
040 |a StDuBDS  |b eng  |c StDuBDS  |e rda  |e pn 
050 4 |a NA997 
082 0 4 |a 720.92  |2 23 
100 1 |a Sands, Frances,  |e author. 
245 1 0 |a Robert Adam's London /  |c Frances Sands. 
264 1 |a Oxford :  |b Archaeopress,  |c [2016] 
300 |a 1 online resource :  |b illustrations (black and white) 
336 |a text  |2 rdacontent 
336 |a still image  |2 rdacontent 
337 |a computer  |2 rdamedia 
338 |a online resource  |2 rdacarrier 
500 |a Previously issued in print: 2016. 
520 8 |a The iconic eighteenth-century architect Robert Adam was based in London for more than half of his life and made more designs for this one city than anywhere else in the world. This work review a wide variety of his designs for London, highlighting lesser-known buildings as well as familiar ones. 
521 |a Specialized. 
588 |a Description based on online resource; title from home page (viewed on November 14, 2016). 
600 1 0 |a Adam, Robert,  |d 1728-1792. 
651 0 |a London (England)  |x Buildings, structures, etc. 
650 0 |a Neoclassicism (Architecture) 
776 0 8 |i Print version :  |z 9781784914622 
856 4 0 |3 Archaeopress  |u http://library.arce.org:8087/Archaeopress/Products/9781784914622 
942 |2 lcc  |c EBOOK 
952 |0 0  |1 0  |4 0  |6 NA0997  |7 1  |9 46208  |a ARCH  |b ARCH  |d 2023-04-12  |l 0  |o NA997  |r 2023-04-12 00:00:00  |w 2023-04-12  |y EBOOK 
999 |c 51866  |d 51866